Countries With The Most Electric Cars Per Capita - Statistics

General Stats
  • This quiz has been taken 50 times
  • The average score is 8 of 10
Answer Stats
Per Capita Country % Correct
81.0 Norway
90%
20.6 Sweden
90%
5.2 United States
90%
6.5 France
88%
8.5 Germany
88%
10.7 Netherlands
78%
6.7 United Kingdom
78%
3.0 China
65%
36.8 Iceland
63%
2.9 South Korea
63%
No matching quizzes found
Score Distribution
Percent of People with Each Score
Percentile by Number Answered
Your Score History
You have not taken this quiz